00507nam a2200193 a 4500001001300000003000900013005001700022008004100039020002300080082001700103100002700120245001900147260003900166300000900205500003500214505002800249650000900277700002700286nice12345678IN_TiNIC20260116013230.0050524s1992 dela grp 000 0 eng  a8120847 c29500a295.543bRAD aRadha, Swami Sivananda aKundalini Yoga aDelhi bMotilal Banarsidass c1992 a357p aincludes index and biblioraphy2 aAppendix, Illustrations aYoga1 aRadha, Swami Sivananda